Housing and Planning Review (Record no. 118576)
[ view plain ]
| 000 -LEADER | |
|---|---|
| fixed length control field | 00687cas a22002415a 4500 |
| 001 - CONTROL NUMBER | |
| control field | L280 |
| 008 - FIXED-LENGTH DATA ELEMENTS--GENERAL INFORMATION | |
| fixed length control field | 070702d19641999xxkbr p 0 a0eng |
| 022 1# - INTERNATIONAL STANDARD SERIAL NUMBER | |
| International Standard Serial Number | 0018-6651 |
| 035 ## - SYSTEM CONTROL NUMBER | |
| System control number | (Sirsi) u98909 |
| 041 0# - LANGUAGE CODE | |
| Language code of text/sound track or separate title | eng |
| 110 2# - MAIN ENTRY--CORPORATE NAME | |
| Corporate name or jurisdiction name as entry element | National Housing and Town Planning Council |
| 9 (RLIN) | 2348 |
| 245 ## - TITLE STATEMENT | |
| Title | Housing and Planning Review |
| 260 ## - PUBLICATION, DISTRIBUTION, ETC. | |
| Place of publication, distribution, etc. | London |
| Name of publisher, distributor, etc. | National Housing and Town Planning Council |
| Date of publication, distribution, etc. | 1964-1999 |
| 350 ## - PRICE (NR) (BK AM CF MU VM SE) [OBSOLETE] | |
| Price | 0 |
| 362 0# - DATES OF PUBLICATION AND/OR SEQUENTIAL DESIGNATION | |
| Dates of publication and/or sequential designation | 53(1) February/March 1998-54(2) April/May 1999 |
| 554 ## - | |
| -- | Six per year |
| 651 #4 - SUBJECT ADDED ENTRY--GEOGRAPHIC NAME | |
| Geographic name | United Kingdom |
| Chronological subdivision | |
| 690 ## - LOCAL SUBJECT ADDED ENTRY--TOPICAL TERM (OCLC, RLIN) | |
| Topical term or geographic name as entry element | BUILT ENVIRONMENT |
| 780 00 - PRECEDING ENTRY | |
| Title | Housing Review |
| International Standard Serial Number | 0018-6651 |
| 785 00 - SUCCEEDING ENTRY | |
| Title | Axis |
| International Standard Serial Number | 1467-9086 |
| 942 ## - ADDED ENTRY ELEMENTS (KOHA) | |
| Suppress in OPAC | 0 |
| 948 ## - LOCAL PROCESSING INFORMATION (OCLC); SERIES PART DESIGNATOR (RLIN) | |
| c (OCLC) | 18/08/1994 |
| Withdrawn status | Lost status | Source of classification or shelving scheme | Damaged status | Not for loan | Home library | Current library | Shelving location | Date acquired | Total Checkouts | Full call number | Barcode | Date last seen | Price effective from | Koha item type |
|---|---|---|---|---|---|---|---|---|---|---|---|---|---|---|
| Other/Generic Classification Scheme | London | London | Gallery | 02/07/2007 | AXIS | 98909-1001 | 06/08/2019 | 06/08/2019 | Journal |